Karibská oblast

Na minha lista:
Detalhes bibliográficos
Formato: Livro
Idioma:tcheco
Publicado em: Praha Pressfoto 1984
Colecção:Obchodně ekonomické sborníky
Tags: Adicionar Tag
Sem tags, seja o primeiro a adicionar uma tag!

MARC

LEADER 00000nam a2200000 4500
001 c111261
005 20250722080040.9
041 0 |a cze 
044 |a CZ 
245 1 0 |a Karibská oblast  |c Vlastislav Beneš a kol. 
264 1 |a Praha  |b Pressfoto  |c 1984 
300 |a 345 s. 
490 1 |a Obchodně ekonomické sborníky 
830 0 |a Obchodně ekonomické sborníky